Management Information System (Record no. 3562)

MARC details
000 -LEADER
fixed length control field 00424nam a22001697a 4500
005 - DATE AND TIME OF LATEST TRANSACTION
control field 20180905151346.0
008 - FIXED-LENGTH DATA ELEMENTS--GENERAL INFORMATION
fixed length control field 160622b xxu||||| |||| 00| 0 eng d
020 ## - INTERNATIONAL STANDARD BOOK NUMBER
ISBN 81-7446-188-4
041 ## - LANGUAGE CODE
Language code of text/sound track or separate title eng
082 ## - DEWEY DECIMAL CLASSIFICATION NUMBER
Item number 9022
Classification number 658.403
100 ## - MAIN ENTRY--AUTHOR NAME
Personal name Arora, Ashok and Bhatiya, Akshaya
245 ## - TITLE STATEMENT
Title Management Information System
260 ## - PUBLICATION, DISTRIBUTION, ETC. (IMPRINT)
Name of publisher Excel book
Year of publication 2005
300 ## - PHYSICAL DESCRIPTION
Number of Pages 480p,
650 ## - SUBJECT ADDED ENTRY--TOPICAL TERM
Topical Term Management
942 ## - ADDED ENTRY ELEMENTS (KOHA)
Koha item type Books
Holdings
Lost status Damaged status Collection code Home library Current library Shelving location Date acquired Cost, normal purchase price Full call number Accession Number Koha item type
    MANAGEMENT JRU Library JRU Library SHELF- 69 D 22/06/2016 295.00 658.403 9022 Books
    MANAGEMENT JRU Library JRU Library SHELF- 69 D 22/06/2016 295.00 658.403 9023 Books
    MANAGEMENT JRU Library JRU Library SHELF- 69 D 22/06/2016 295.00 658.403 9024 Books
    MANAGEMENT JRU Library JRU Library SHELF- 69 D 22/06/2016 295.00 658.403 9025 Books